000 002250000a22000970004500
100 1 _aLutz, Gregório
245 1 0 _aO aniversariante de natal
300 _aNum. 6 (Diciembre, 2001), Páginas 8-9
773 0 _tTEAR
942 _cANA
999 _c55801
_d55801